00563nam a2200205Ia 4500003000400000005001700004008004100021020001800062040001800080041000800098082002200106100002200128245007200150250001200222260004600234300003100280650001800311650001100329700001700340OSt20230118114715.0210716s2014 xx 000 0 und d a9788126552016 cAIMIT LIBRARY aeng a005.132 21bVRIA aVries, Andrie De. aR programming :bfor dummies /cBy Andrie de Varies and Joris Meys. a1st ed. aNew Delhi :bWiley India Pvt Ltd ,c2014. axviii,387p. ;bPBc23.2 cm aR Programming aR Book aMeys, Joris.